000 00756nam a2200229Ia 4500
003 GCL
008 140319s9999 xx 000 0 ara d
040 _aGCL /
_cGCL
082 0 4 _a301.242
_bع م
100 1 _aعبدالجابر تيم
245 1 0 _aمستقبل التنمية فى الوطن العربى /
_cعبدالجابر تيم
700 1 _aمحمد عبدالله عوده
700 1 _aسمير ابومغلى
700 1 _aفائق حسن
300 _a261 ص
490 _aالهيئة العامة للاستعلامات
_v0
650 0 4 _aالعالم العربى
650 0 4 _aالتكامل الاقتصادى
650 0 4 _aالاحوال الاجتماعية
650 0 4 _aالتغير الاجتماعى
942 _2ddc
_cBK
999 _c49440
_d49440